[Event "LSS RD-2010-0-00033"]
[Site "LSS email"]
[Date "2010.07.31"]
[Round "?"]
[White "Shelykalin, Vjacheslav"]
[Black "Henke, Simon"]
[Result "1-0"]
[WhiteElo "1553"]
[BlackElo "1498"]
[PlyCount "51"]
[EventDate "2010.02.19"]
[EventType "tourn (corr)"]
[EventRounds "6"]
[EventCountry "GER"]
[SourceTitle "Telechess CBM 141"]
[Source "ChessBase"]
[SourceDate "2011.03.17"]
[SourceVersion "1"]
[SourceVersionDate "2011.03.17"]
[SourceQuality "1"]

1. d4 d5 2. c4 c6 3. Nf3 Nf6 4. e3 Bg4 5. h3 Bxf3 6. Qxf3 e6 7. Nc3 Bb4 8. Bd3 Nbd7 9. 0-0 0-0 10. Qd1 dxc4 11. Bxc4 e5 12. Qb3 Qb6 13. Rd1 Rad8 14. Qc2 g6 15. a3 Bd6 16. Ba2 Qc7 17. dxe5 Bxe5 18. Bd2 Rfe8 19. Be1 Nc5 20. f4 Bd6 21. Bh4 Qe7 22. Re1 Bc7 23. Re2 Rd6 24. e4 Nd3 25. e5 Nxf4 26. Ree1 1-0